header

Rapport mondial sur la violence et la sante (Record no. 46841)

MARC details
000 -LEADER
fixed length control field 01277nam a2200349Ia 4500
245 00 - TITLE STATEMENT
Title Rapport mondial sur la violence et la sante
260 ## - PUBLICATION, DISTRIBUTION, ETC. (IMPRINT)
Place of publication Geneve :
Name of publisher Organisation mondiale de la sante,
Year of publication 2002.
300 ## - PHYSICAL DESCRIPTION
Number of Pages xxii, 376 p. :
Other physical details ill.
650 #0 - SUBJECT ADDED ENTRY--TOPICAL TERM
Topical Term Violence.
Topical Term Family violence.
Topical Term Suicide.
Topical Term Sex crimes.
Topical Term War.
Topical Term Public health.
Topical Term Risk perception.
Topical Term Risk management.
700 1# - ADDED ENTRY--PERSONAL NAME
Personal name Krug, Etienne G.
856 40 - ELECTRONIC LOCATION AND ACCESS
Uniform Resource Identifier http://site.ebrary.com/lib/rucke/Doc?id=10062388

No items available.

© 2026 Rongo University
Contact us: librarian | system librarian | Rongo university